LEADER 01957nas 2200637-a 450 001 996198452103316 005 20230613213017.0 011 $a1532-7795 035 $a(DE-599)ZDB2017369-6 035 $a(OCoLC)45007111 035 $a(CKB)954925593477 035 $a(CONSER)--2001214608 035 $a(EXLCZ)99954925593477 100 $a20000913a19919999 s-- a 101 0 $aeng 135 $aurmnu|||||||| 181 $ctxt$2rdacontent 182 $cc$2rdamedia 183 $acr$2rdacarrier 200 00$aJournal of research on adolescence 210 $a[Mahwah, NJ] $cL. Erlbaum Associates 210 3 $aHoboken $cWiley-Blackwell 215 $a1 online resource 300 $aRefereed/Peer-reviewed 311 $a1050-8392 531 $aJ RES ADOLESC 531 $aJ RES ADOLESCENCE 531 $aJ. RES. ADOLESC 531 0 $aJ. res. adolesc. 606 $aAdolescence$vPeriodicals 606 $aChild & Adolescent Psychology$2ebps 606 $aAdolescence$2fast$3(OCoLC)fst00796984 606 $aAdolescence$2rasuqam 606 $aAdolescent$2rasuqam 606 $aComportement social$2rasuqam 606 $aApprentissage cognitif$2rasuqam 606 $aDéveloppement de la personnalité$2rasuqam 606 $aSocialisation$2rasuqam 608 $aPeriodicals.$2fast 608 $aPeriodicals.$2lcgft 608 $aPériodique électronique (Descripteur de forme)$2rasuqam 608 $aRessource Internet (Descripteur de forme)$2rasuqam 615 0$aAdolescence 615 7$aChild & Adolescent Psychology. 615 7$aAdolescence. 615 17$aAdolescence. 615 7$aAdolescent. 615 7$aComportement social. 615 7$aApprentissage cognitif. 615 7$aDéveloppement de la personnalité 615 7$aSocialisation. 676 $a305 906 $aJOURNAL 912 $a996198452103316 996 $aJournal of research on adolescence$91412069 997 $aUNISA LEADER 01122oam 2200385zu 450 001 9910872932203321 005 20241212215157.0 035 $a(CKB)111085500349126 035 $a(SSID)ssj0000454883 035 $a(PQKBManifestationID)12194225 035 $a(PQKBTitleCode)TC0000454883 035 $a(PQKBWorkID)10398480 035 $a(PQKB)11349612 035 $a(NjHacI)99111085500349126 035 $a(EXLCZ)99111085500349126 100 $a20160829d2003 uy 101 0 $aeng 135 $aur||||||||||| 181 $ctxt 182 $cc 183 $acr 200 10$a14th Annual IEEE/SEMI Advanced Semiconductor Manufacturing Conference and Workshop 210 31$a[Place of publication not identified]$cIEEE$d2003 215 $a1 online resource (330 pages) 300 $aBibliographic Level Mode of Issuance: Monograph 311 08$a9780780376731 311 08$a0780376730 606 $aProcess control$vCongresses 615 0$aProcess control 676 $a670.42 801 0$bPQKB 906 $aPROCEEDING 912 $a9910872932203321 996 $a14th Annual IEEE$92505572 997 $aUNINA